Churchill's black dog, Kafka's mice, and other phenomena of the human mind / (Record no. 614)

MARC details
000 -LEADER
fixed length control field 00790cam a22002778a 4500
005 - DATE AND TIME OF LATEST TRANSACTION
control field 20260322212027.0
008 - FIXED-LENGTH DATA ELEMENTS--GENERAL INFORMATION
fixed length control field data
010 ## - LIBRARY OF CONGRESS CONTROL NUMBER
LC control number 88021307
020 ## - INTERNATIONAL STANDARD BOOK NUMBER
International Standard Book Number 0802110525 :
Terms of availability {dollar}19.95
020 ## - INTERNATIONAL STANDARD BOOK NUMBER
International Standard Book Number 9780802110527 :
Terms of availability {dollar}19.95
040 ## - CATALOGING SOURCE
Modifying agency COc.
050 0# - LIBRARY OF CONGRESS CALL NUMBER
Classification number BF408
Item number .S78 1988
082 0# - DEWEY DECIMAL CLASSIFICATION NUMBER
Classification number 150
Edition information 19
001 - CONTROL NUMBER
control field data
100 1# - MAIN ENTRY--PERSONAL NAME
Personal name Storr, Anthony.
245 10 - TITLE STATEMENT
Title Churchill's black dog, Kafka's mice, and other phenomena of the human mind /
Statement of responsibility, etc. Anthony Storr.
250 ## - EDITION STATEMENT
Edition statement 1st ed.
260 0# - PUBLICATION, DISTRIBUTION, ETC.
Place of publication, distribution, etc. New York :
Name of publisher, distributor, etc. Grove Press,
Date of publication, distribution, etc. 1988.
300 ## - PHYSICAL DESCRIPTION
Extent x, 310 p. ;
Dimensions 22 cm.
504 ## - BIBLIOGRAPHY, ETC. NOTE
Bibliography, etc. note Bibliography: p.
650 #0 - SUBJECT ADDED ENTRY--TOPICAL TERM
Topical term or geographic name entry element Creative ability.
650 #0 - SUBJECT ADDED ENTRY--TOPICAL TERM
Topical term or geographic name entry element Creative ability
Form subdivision Case studies.
650 #0 - SUBJECT ADDED ENTRY--TOPICAL TERM
Topical term or geographic name entry element Genius and mental illness
Form subdivision Case studies.
650 #0 - SUBJECT ADDED ENTRY--TOPICAL TERM
Topical term or geographic name entry element Personality.
650 #0 - SUBJECT ADDED ENTRY--TOPICAL TERM
Topical term or geographic name entry element Psychology.
Holdings
Withdrawn status Lost status Damaged status Not for loan Home library Current library Shelving location Date acquired Total checkouts Full call number Barcode Date last seen Price effective from Koha item type
        Centerville Centerville General stacks 22/03/2026   150 19 BC0010631 22/03/2026 22/03/2026 Books